|
|
|
|
| LEADER |
00000nab a2200000 a 4500 |
| 001 |
vtls000485355 |
| 003 |
SK-MaSNL |
| 005 |
20260318122047.0 |
| 008 |
160202c1993 xo 0 hun |
| 015 |
|
|
|a SNBRB19rr/mm-uuuuu
|
| 035 |
|
|
|a CL0485492
|
| 040 |
|
|
|a SNKBUCL
|b slo
|c SNKBUCL
|e AACR2
|
| 041 |
0 |
|
|a hun
|
| 044 |
|
|
|a xo
|c SK
|
| 080 |
|
|
|a 329(437.6=945.11)
|2 1981
|
| 245 |
0 |
0 |
|a Megszületik a közös álláspont?
|b A magyar pártok csonka egyeztetése ; Aut. Béla Bugár, László Nagy A., Árpád Duka Zólyomi, Miklós Duray, Gyula Popély, -csi-
|
| 300 |
|
|
|b Fotogr. 5
|
| 650 |
0 |
7 |
|a strany politické maďarské
|2 snkbucl
|9 901655
|
| 651 |
|
7 |
|a Slovensko
|2 snkbucl
|9 14231
|
| 655 |
|
7 |
|a články z novín a časopisov
|2 snkbucl
|9 267496
|
| 700 |
1 |
|
|a Bugár, Béla,
|d 1958-
|4 aut
|9 103270
|
| 700 |
1 |
|
|a Nagy, László A.,
|d 1948-
|4 aut
|9 840953
|
| 700 |
1 |
|
|a Duka Zólyomi, Árpád,
|d 1941-2013
|4 aut
|9 104454
|
| 700 |
1 |
|
|a Duray, Miklós,
|d 1945-2022
|4 aut
|9 100740
|
| 700 |
1 |
|
|a Popély, Gyula,
|d 1945-
|4 aut
|9 85478
|
| 700 |
1 |
|
|a -csi-
|4 aut
|9 966068
|
| 773 |
0 |
|
|t Új szó
|g Roč. 46, č. 110 (14. 5. 1993), s. 1-2
|
| 850 |
|
|
|a Slovenská národná knižnica v Martine
|a DSG001
|
| 852 |
|
|
|a SNK
|b KIS3GCP
|
| 958 |
|
|
|a RK
|
| 958 |
|
|
|a HU
|
| 992 |
|
|
|a RBX
|
| 999 |
|
|
|c 2995331
|d 2997261
|